Creep from the deep / (Record no. 3308)

MARC details
000 -LEADER
fixed length control field 00830nam a22002417a 4500
001 - CONTROL NUMBER
control field 3308
003 - CONTROL NUMBER IDENTIFIER
control field FISKH
005 - DATE AND TIME OF LATEST TRANSACTION
control field 20240226151924.0
008 - FIXED-LENGTH DATA ELEMENTS--GENERAL INFORMATION
fixed length control field 240226b cb ||||| |||| 00| 0 eng d
040 ## - CATALOGING SOURCE
Original cataloging agency FISK
Language of cataloging eng
Transcribing agency FISK
Modifying agency FISK
050 ## - LIBRARY OF CONGRESS CALL NUMBER
Classification number PZ7.S86037
082 ## - DEWEY DECIMAL CLASSIFICATION NUMBER
Classification number 813.54
100 ## - MAIN ENTRY--PERSONAL NAME
Personal name Stine R.L :
Dates associated with a name 1943
245 ## - TITLE STATEMENT
Title Creep from the deep /
Statement of responsibility, etc. R.L Stine
260 ## - PUBLICATION, DISTRIBUTION, ETC.
Place of publication, distribution, etc. New York :
Name of publisher, distributor, etc. Scholastic,
Date of publication, distribution, etc. 2008
300 ## - PHYSICAL DESCRIPTION
Extent 137 pages :
Other physical details 20 cm :
490 ## - SERIES STATEMENT
Materials specified Goosebumps Horrorland
Series statement Book 2
501 ## - WITH NOTE
With note G
520 ## - SUMMARY, ETC.
Summary, etc. Billy and Sheena go with their Uncle, Dr. Deep, to search for treasure and are pursued by pirates who have been dead for two hundred years, and when Billy and Sheena return to land and visit Horrorland they encounter their worse fears.
521 8# - TARGET AUDIENCE NOTE
Target audience note 430
Source G
700 ## - ADDED ENTRY--PERSONAL NAME
Personal name R.L Stine
942 ## - ADDED ENTRY ELEMENTS (KOHA)
Source of classification or shelving scheme Dewey Decimal Classification
Koha item type Books
Suppress in OPAC No
Holdings
Withdrawn status Lost status Source of classification or shelving scheme Damaged status Not for loan Collection Home library Current library Shelving location Date acquired Total Checkouts Full call number Barcode Date last seen Copy number Price effective from Koha item type
    Dewey Decimal Classification     Fiction Footprints International School Library Network Toul Kork Campus Footprints International School Library Network Toul Kork Campus   02/26/2024   STI PZ7.S86037 813.54 2024-0110 02/26/2024 2 02/26/2024 Books